00540nam a22001935a 450000100060000000300080000600500170001400800410003101700370007203500190010904000330012804100080016108200210016910000210019024500430021126000420025430000190029665000310031518427BD-RjUL20211209000301.0140220s1963 enk 1leng d aPA241-523bU.S. Copyright Office a(BD-RjUL)18485 aDLCcDLCeamimbengdBD-RjUL aeng00a823.91bGOL 19631 aGolding, William00aLord of the flies /c William, Golding cLondon :aFaber and Faber Ltd,b1963. a248p. ;c21cm. 0a Survival -- Fiction.